LEADER 00911nam a2200205 i 4500 001 000000156685 003 CaOOAMICUS 005 20100726000000.0 008 100726s1920 it u000 u ita u 013 $a134040 040 $aSeMil$bita 100 1 $aKrieg, Cornelio.$0(OLS)http://semarc/name/7548 240 00$aOmiletica, o scienza dell'Evangelizzazione della Parola di Dio.$0(OLS)http://semarc/title/229677 245 10$aOmiletica, o scienza dell'Evangelizzazione della Parola di Dio /$cCornelio Krieg. 300 $aXV, 514 p. 650 4$aOmiletica.$0(OLS)http://semarc/subject/3458 773 0 $aKrieg, Cornelio$tScienza pastorale.$dTorino ; Roma : Marietti, 1920-1937.$gLibro3$w()23553 850 $aSeMil 852 $aSeMil$W1$xVenegono$y1$m2F VII 43$j252178$B108434$CSeMilBibl$Z2$F118016 $81 996 $6245$aOmiletica, o scienza dell'Evangelizzazione della Parola di Dio$9(OLS)http://semarc/title/229678 LEADER 00910nam a2200193 i 4500 001 000000135551 003 CaOOAMICUS 005 20050310000000.0 008 050310s1966 vc u000 u mul u 013 $a108942 040 $aSeMil$bita 245 10$aLettres de Pie 12. aux évêques allemands :$b1939-1944. 300 $aXXIV, 452 p., [5] p. ripiegate di facsimili. 500 $aContiene : Appendice. 650 4$aPio XII - Lettere e carteggi - Lettere ai vescovi tedeschi - 1939-1944.$0(OLS)http://semarc/subject/26677 773 0 $tActes et documents du Saint Siege relatifs à la seconde guerre mondiale.$dCittà del Vaticano : Libreria Editrice Vaticana, 1965-1981.$g2$w()9625 850 $aSeMil 852 $aSeMil$W1$xVenegono$y1$m3A III 46$j89204$B89204$CSeMilBibl$Z2$F94336 $81 996 $6245$aLettres de Pie 12. aux évêques allemands :$b1939-1944$9(OLS)http://semarc/title/198196